[Event "EU-Cup 31st"]
[Site "Skopje"]
[Date "2015.10.24"]
[Round "7.6"]
[White "Hoffmann, Tobias"]
[Black "Tahiri, Daut"]
[Result "1/2-1/2"]
[WhiteElo "2071"]
[BlackElo "2108"]
[PlyCount "71"]
[EventDate "2015.10.18"]
[EventType "team-swiss"]
[EventRounds "7"]
[EventCountry "MKD"]
[SourceTitle "CBM 169"]
[Source "ChessBase"]
[SourceDate "2015.11.10"]
[SourceVersion "1"]
[SourceVersionDate "2015.11.10"]
[SourceQuality "1"]
[WhiteTeam "Jetsmark"]
[BlackTeam "Expik"]
[WhiteTeamCountry "DEN"]
[BlackTeamCountry "KOS"]

1. e4 c5 2. Nf3 a6 3. d3 e6 4. g3 b5 5. Bg2 Bb7 6. 0-0 d6 7. Qe2 Nd7 8. Re1 Ngf6 9. b3 Be7 10. Bb2 0-0 11. Nbd2 Rb8 12. Rad1 e5 13. Nf1 Re8 14. Ne3 Bf8 15. Nd2 Nb6 16. c4 b4 17. Nd5 Nfxd5 18. cxd5 a5 19. Bh3 Bc8 20. Bxc8 Rxc8 21. Ra1 Qd7 22. a4 g6 23. Nc4 Nxc4 24. dxc4 Bh6 25. Bc1 Bxc1 26. Raxc1 Re7 27. Kg2 Rf8 28. Rf1 f5 29. f3 Ref7 30. Rce1 f4 31. g4 Qe7 32. Qf2 h6 33. h4 Qd7 34. Rh1 Rh7 35. h5 g5 36. Re2 1/2-1/2

[Event "Berlin-ch"]
[Site "Berlin"]
[Date "2010.04.08"]
[Round "9"]
[White "Sondermann, Johannes"]
[Black "Tahiri, Daut"]
[Result "0-1"]
[WhiteElo "2078"]
[BlackElo "2151"]
[PlyCount "108"]
[EventDate "2010.03.30"]
[EventType "swiss"]
[EventRounds "9"]
[EventCountry "GER"]
[SourceTitle "CBM 135 Extra"]
[Source "ChessBase"]
[SourceDate "2010.05.04"]
[SourceVersion "1"]
[SourceVersionDate "2010.05.04"]
[SourceQuality "1"]

1. e4 c5 2. c3 d5 3. exd5 Qxd5 4. d4 Nf6 5. Nf3 Bg4 6. Be2 cxd4 7. cxd4 e6 8. Nc3 Qa5 9. 0-0 Be7 10. h3 Bh5 11. g4 Bg6 12. Bb5+ Kf8 13. Ne5 a6 14. Be2 Nfd7 15. Nc4 Qd8 16. d5 exd5 17. Nxd5 Nc6 18. Nxe7 Qxe7 19. Bf4 Nde5 20. Nxe5 Nxe5 21. Bxe5 Qxe5 22. Bf3 Qxb2 23. Qd6+ Kg8 24. Qc7 Qa3 25. Qxb7 Rf8 26. Rfe1 h6 27. h4 h5 28. g5 Kh7 29. Qb3 Qa5 30. Bd5 Rb8 31. Qf3 Rb4 32. Be4 Bxe4 33. Rxe4 Rxe4 34. Qxe4+ g6 35. Qf4 Qd5 36. Re1 Qxa2 37. Re7 Rf8 38. Ra7 Qe6 39. Kh2 Kg8 40. Kg3 Rc8 41. Qd4 Rb8 42. Rd7 Rb3+ 43. f3 Qe1+ 44. Kg2 Qe2+ 45. Qf2 Qe5 46. Rd8+ Kg7 47. Rd4 Re3 48. Rd2 a5 49. Rd5 Qxd5 50. Qxe3 a4 51. Qc3+ Kh7 52. Kf1 Qb3 53. Qf6 a3 54. Ke1 Qe6+ 0-1

[Event "Berlin-ch"]
[Site "Berlin"]
[Date "2010.04.03"]
[Round "4"]
[White "Burger, Heinrich"]
[Black "Tahiri, Daut"]
[Result "1-0"]
[WhiteElo "2093"]
[BlackElo "2151"]
[PlyCount "83"]
[EventDate "2010.03.30"]
[EventType "swiss"]
[EventRounds "9"]
[EventCountry "GER"]
[SourceTitle "CBM 135 Extra"]
[Source "ChessBase"]
[SourceDate "2010.05.04"]
[SourceVersion "1"]
[SourceVersionDate "2010.05.04"]
[SourceQuality "1"]

1. d4 Nf6 2. c4 e6 3. g3 d5 4. Nf3 Be7 5. Bg2 0-0 6. 0-0 a6 7. Nbd2 Nbd7 8. Qc2 Rb8 9. e4 dxe4 10. Nxe4 Nxe4 11. Qxe4 Nf6 12. Qe2 c5 13. Rd1 cxd4 14. Bf4 Ra8 15. Nxd4 Qb6 16. Rac1 Bd7 17. a3 Ba4 18. b3 Bc6 19. Nxc6 bxc6 20. b4 Rad8 21. Rxd8 Rxd8 22. Rd1 Rxd1+ 23. Qxd1 c5 24. Be3 Qc7 25. Bxc5 Bxc5 26. bxc5 Qxc5 27. Qd8+ Qf8 28. Qa5 Qb8 29. Bb7 g6 30. Qxa6 Qe5 31. Bf3 Kg7 32. Kg2 Qe1 33. Qb6 e5 34. Qe3 Qa5 35. c5 Qc7 36. a4 Nd7 37. c6 Nb8 38. Qc3 f5 39. Bd5 Kh6 40. Qc5 e4 41. h4 Kg7 42. a5 1-0

[Event "Berlin-ch"]
[Site "Berlin"]
[Date "2010.04.01"]
[Round "3"]
[White "Tahiri, Daut"]
[Black "Niehaus, Frank"]
[Result "0-1"]
[WhiteElo "2151"]
[BlackElo "2187"]
[PlyCount "88"]
[EventDate "2010.03.30"]
[EventType "swiss"]
[EventRounds "9"]
[EventCountry "GER"]
[SourceTitle "CBM 135 Extra"]
[Source "ChessBase"]
[SourceDate "2010.05.04"]
[SourceVersion "1"]
[SourceVersionDate "2010.05.04"]
[SourceQuality "1"]

1. e4 c5 2. Nf3 d6 3. d4 cxd4 4. Nxd4 Nf6 5. Nc3 g6 6. f4 Nc6 7. Nxc6 bxc6 8. e5 Nd7 9. exd6 exd6 10. Be3 Be7 11. Be2 Nf6 12. 0-0 0-0 13. f5 d5 14. Kh1 Bxf5 15. Rxf5 gxf5 16. Bh6 Ne4 17. Nxe4 fxe4 18. Bb5 Qd7 19. Qd4 f6 20. Be2 Rf7 21. Bh5 Qf5 22. Bxf7+ Kxf7 23. c4 Qe5 24. Qe3 d4 25. Qh3 Rg8 26. Rf1 e3 27. a3 Qe4 28. Qh5+ Qg6 29. Qh3 Qg4 30. Qxg4 Rxg4 31. g3 Re4 32. Kg2 a5 33. Kf3 Re6 34. Ke2 a4 35. Kd3 c5 36. Bf4 Rb6 37. Kc2 Rb3 38. g4 Ke6 39. Bh6 Bd6 40. Bg7 e2 41. Rxf6+ Ke7 42. Kd2 Rxb2+ 43. Ke1 Bc7 44. Rf3 Ba5+ 0-1

[Event "Berlin Lichtenberger op 5th"]
[Site "Berlin"]
[Date "2006.08.26"]
[Round "8"]
[White "Tahiri, Daut"]
[Black "Litwak, Aleksej"]
[Result "1-0"]
[WhiteElo "2099"]
[BlackElo "2222"]
[PlyCount "77"]
[EventDate "2006.08.19"]
[EventType "swiss"]
[EventRounds "9"]
[EventCountry "GER"]
[SourceTitle "CBM 113 Extra"]
[Source "ChessBase"]
[SourceDate "2006.09.14"]
[SourceVersion "1"]
[SourceVersionDate "2006.09.14"]
[SourceQuality "1"]

1. e4 c5 2. Nf3 e6 3. d4 cxd4 4. Nxd4 Nf6 5. Bd3 a6 6. 0-0 Qc7 7. c4 Bd6 8. h3 Be7 9. b3 d6 10. Qe2 Nbd7 11. Bb2 b6 12. Nc3 Bb7 13. Rac1 Rc8 14. f4 h5 15. Rfe1 h4 16. Nd5 exd5 17. exd5 0-0 18. Nf5 Rfe8 19. Nxg7 Kxg7 20. Qg4+ Kf8 21. Qg5 Ne5 22. Qh6+ Kg8 23. fxe5 dxe5 24. Qg5+ Kf8 25. Rxe5 Ng8 26. Rxe7 Qc5+ 27. Kh1 Rxe7 28. Qg7+ Ke8 29. Bf5 Kd8 30. Qxg8+ Kc7 31. Bxc8 Bxc8 32. Rd1 Rd7 33. Bd4 Qd6 34. Qh8 Re7 35. Qxh4 Re2 36. Qh5 Re7 37. Bg1 f5 38. Bh2 f4 39. Bxf4 1-0

[Event "Berlin Lichtenberger op 5th"]
[Site "Berlin"]
[Date "2006.08.24"]
[Round "6"]
[White "Tahiri, Daut"]
[Black "Niehaus, Frank"]
[Result "1-0"]
[WhiteElo "2099"]
[BlackElo "2204"]
[PlyCount "33"]
[EventDate "2006.08.19"]
[EventType "swiss"]
[EventRounds "9"]
[EventCountry "GER"]
[SourceTitle "CBM 113 Extra"]
[Source "ChessBase"]
[SourceDate "2006.09.14"]
[SourceVersion "1"]
[SourceVersionDate "2006.09.14"]
[SourceQuality "1"]

1. e4 c5 2. Nf3 d6 3. d4 cxd4 4. Nxd4 Nf6 5. Nc3 g6 6. f4 Bg7 7. e5 Nh5 8. Bb5+ Bd7 9. e6 fxe6 10. Nxe6 Bxc3+ 11. bxc3 Qc8 12. Bxd7+ Nxd7 13. 0-0 Nc5 14. Qd4 Nf6 15. Ng5 Qf5 16. Re1 Kd7 17. Re5 1-0

[Event "Berlin Lichtenberger Sommer 3th"]
[Site "Berlin"]
[Date "2004.08.16"]
[Round "3.42"]
[White "Tahiri, Daut"]
[Black "Bade, Heidrun"]
[Result "1-0"]
[WhiteElo "1974"]
[BlackElo "1795"]
[PlyCount "49"]
[EventDate "2004.08.14"]
[EventType "swiss"]
[EventRounds "9"]
[EventCountry "GER"]
[SourceTitle "EXT 2022"]
[Source "ChessBase"]
[SourceDate "2021.10.06"]
[SourceVersion "1"]
[SourceVersionDate "2021.10.06"]
[SourceQuality "1"]

1. e4 e5 2. Nf3 Nc6 3. Bc4 Nf6 4. d4 Nxd4 5. Bxf7+ Kxf7 6. Nxe5+ Ke8 7. Qxd4 d6 8. Nc4 Be6 9. Nc3 Qd7 10. Ne3 c6 11. f4 Ng4 12. f5 Nxe3 13. Bxe3 Bf7 14. 0-0 Rg8 15. Rad1 c5 16. Qd2 Qc6 17. Bf4 Bh5 18. Rde1 Rd8 19. Nd5 Bf7 20. c4 Rd7 21. Bg3 Kd8 22. Qa5+ b6 23. Qa6 Qc8 24. Bh4+ Be7 25. Bxe7+ 1-0

[Event "Berlin op 04"]
[Site "Berlin"]
[Date "2004.04.16"]
[Round "7"]
[White "Mayer, Herbert"]
[Black "Tahiri, Daut"]
[Result "1/2-1/2"]
[WhiteElo "1758"]
[BlackElo "1910"]
[PlyCount "63"]
[EventDate "2004.04.10"]
[EventType "swiss"]
[EventRounds "9"]
[EventCountry "GER"]
[SourceTitle "EXT 2007"]
[Source "ChessBase"]
[SourceDate "2006.11.23"]
[SourceVersion "1"]
[SourceVersionDate "2006.11.23"]
[SourceQuality "1"]

1. f4 d5 2. b3 Bg4 3. h3 Bh5 4. g4 e6 5. Nf3 Bg6 6. Bg2 Nd7 7. Bb2 Ngf6 8. d3 Bc5 9. Bd4 Bxd4 10. Nxd4 e5 11. fxe5 Nxe5 12. e3 Qd6 13. Qe2 c6 14. Nd2 Qb4 15. 0-0 Qb6 16. Nf5 Bxf5 17. Rxf5 Ng6 18. c4 Ne7 19. Rf2 Nd7 20. cxd5 cxd5 21. Rc1 0-0 22. e4 Rac8 23. Qf1 dxe4 24. Nc4 Qd4 25. dxe4 Ne5 26. Rd1 Qc5 27. Nd6 Rb8 28. Kh1 Qc7 29. Nf5 Rbd8 30. Nxe7+ Qxe7 31. Rd5 Rfe8 32. Rfd2 1/2-1/2

[Event "Berlin SF Neukoelln op 3rd"]
[Site "Berlin"]
[Date "2004.02.25"]
[Round "3"]
[White "Tahiri, Daut"]
[Black "Jeremic, Nemanja"]
[Result "1-0"]
[WhiteElo "1931"]
[BlackElo "1410"]
[PlyCount "113"]
[EventDate "2004.02.07"]
[EventType "swiss"]
[EventRounds "7"]
[EventCountry "GER"]
[SourceTitle "EXT 2022"]
[Source "ChessBase"]
[SourceDate "2021.10.06"]
[SourceVersion "1"]
[SourceVersionDate "2021.10.06"]
[SourceQuality "1"]

1. e4 e5 2. Nf3 Nf6 3. Bc4 Nxe4 4. Nc3 Nxc3 5. dxc3 c6 6. Nxe5 d5 7. Be2 Bd6 8. Nf3 0-0 9. h3 Be6 10. 0-0 Nd7 11. c4 Ne5 12. cxd5 Bxd5 13. Be3 Nc4 14. Bd4 Re8 15. b3 Ne5 16. c4 Nxf3+ 17. Bxf3 Be6 18. Bb2 Qc7 19. Qc2 Rad8 20. Be4 h6 21. Bh7+ Kh8 22. Rad1 Be5 23. Bd3 Bxb2 24. Qxb2 Qf4 25. Bb1 Qg5 26. Qc2 g6 27. Qc3+ Kg8 28. f4 Qc5+ 29. Kh2 b5 30. Rxd8 Rxd8 31. Qf6 Rd6 32. Qh4 Kg7 33. cxb5 cxb5 34. Qg3 Rd2 35. f5 Bd5 36. Rg1 g5 37. Qe5+ f6 38. Qe8 Bf7 39. Qe4 Qd6+ 40. Kh1 Bd5 41. Qe3 Rb2 42. Qxa7+ Kf8 43. Qe3 Bxg2+ 44. Rxg2 Rxb1+ 45. Rg1 Qd5+ 46. Kh2 Rb2+ 47. Kg3 Rxa2 48. Kg4 Ra3 49. Re1 h5+ 50. Kxh5 Qf7+ 51. Kg4 Rxb3 52. Qc5+ Kg8 53. Re6 Rb2 54. Qd5 Rb4+ 55. Kf3 Rf4+ 56. Kg3 b4 57. Qd8+ 1-0

[Event "Berlin SF Neukoelln op 3rd"]
[Site "Berlin"]
[Date "2004.02.07"]
[Round "1"]
[White "Krawatzki, Armin"]
[Black "Tahiri, Daut"]
[Result "1/2-1/2"]
[WhiteElo "1592"]
[BlackElo "1931"]
[PlyCount "97"]
[EventDate "2004.02.07"]
[EventType "swiss"]
[EventRounds "7"]
[EventCountry "GER"]
[SourceTitle "EXT 2022"]
[Source "ChessBase"]
[SourceDate "2021.10.06"]
[SourceVersion "1"]
[SourceVersionDate "2021.10.06"]
[SourceQuality "1"]

1. Nf3 c5 2. g3 Nc6 3. Bg2 e5 4. d3 d5 5. 0-0 h6 6. e4 d4 7. Nbd2 Be6 8. Nc4 Qc7 9. a4 Nf6 10. Ne1 Bxc4 11. dxc4 Bd6 12. Nd3 0-0 13. f4 exf4 14. Bxf4 Bxf4 15. Rxf4 Qe7 16. Qd2 Nd7 17. Raf1 Nde5 18. b3 Rac8 19. Bh3 Rc7 20. Rf5 Nxd3 21. cxd3 Ne5 22. g4 Rc6 23. R1f2 Rb6 24. Qd1 Rg6 25. Kf1 Qc7 26. Ke2 Nxg4 27. Bxg4 Rxg4 28. Kd2 Qa5+ 29. Kc2 Qc3+ 30. Kb1 Rg6 31. Rxc5 a6 32. Ka2 Rb6 33. Qc2 Qb4 34. Rd5 Rd6 35. Qb2 Rxd5 36. exd5 b5 37. Qxd4 bxa4 38. bxa4 Qxa4+ 39. Kb1 Re8 40. Qc3 Qd1+ 41. Ka2 Re1 42. Ka3 Re3 43. Rd2 Qb1 44. d6 Qb7 45. Rb2 Qf3 46. Rd2 Qc6 47. Qb4 a5 48. Qb8+ Re8 49. Qc7 1/2-1/2

[Event "Berlin op 10"]
[Site "Berlin"]
[Date "2003.10.27"]
[Round "3"]
[White "Giese, Reinhard"]
[Black "Tahiri, Daut"]
[Result "1-0"]
[WhiteElo "2144"]
[BlackElo "1968"]
[PlyCount "103"]
[EventDate "2003.10.13"]
[EventType "swiss"]
[EventRounds "7"]
[EventCountry "GER"]
[SourceTitle "EXT 2007"]
[Source "ChessBase"]
[SourceDate "2006.11.23"]
[SourceVersion "1"]
[SourceVersionDate "2006.11.23"]
[SourceQuality "1"]

1. Nf3 Nf6 2. d4 e6 3. g3 b5 4. Qd3 b4 5. Bg2 Bb7 6. Bg5 h6 7. Bxf6 Qxf6 8. 0-0 c5 9. a3 Be7 10. axb4 cxb4 11. Nbd2 d5 12. Ne5 0-0 13. Qb5 Bc8 14. e4 a6 15. Qa5 Nd7 16. Nc6 e5 17. exd5 Bd6 18. Ne4 Qg6 19. Nxd6 Qxd6 20. Qxb4 Qxb4 21. Nxb4 Rb8 22. Nd3 exd4 23. Ra4 Nf6 24. Rxd4 Bf5 25. c4 Bxd3 26. Rxd3 Rxb2 27. c5 Rc2 28. c6 Rd8 29. d6 Ne8 30. d7 Nc7 31. Ra3 Rb2 32. Rc1 Rb6 33. Rcc3 Kf8 34. Rcb3 Rxb3 35. Rxb3 Ke7 36. Kf1 Ra8 37. Ke2 a5 38. Rb7 Kd8 39. Kd2 a4 40. Kc1 a3 41. Kb1 a2+ 42. Ka1 f6 43. Rb2 Ke7 44. Rxa2 Rb8 45. Rb2 Rxb2 46. Kxb2 Kd8 47. Kb3 Ne6 48. Kc4 Kc7 49. Bd5 Nf8 50. Be6 Nh7 51. h4 Nf8 52. Kd5 1-0

[Event "Berlin op 10"]
[Site "Berlin"]
[Date "2003.10.20"]
[Round "2"]
[White "Tahiri, Daut"]
[Black "Zoellner, Rainer"]
[Result "1-0"]
[WhiteElo "1968"]
[BlackElo "1772"]
[PlyCount "61"]
[EventDate "2003.10.13"]
[EventType "swiss"]
[EventRounds "7"]
[EventCountry "GER"]
[SourceTitle "EXT 2007"]
[Source "ChessBase"]
[SourceDate "2006.11.23"]
[SourceVersion "1"]
[SourceVersionDate "2006.11.23"]
[SourceQuality "1"]

1. Nf3 c5 2. e4 e6 3. d4 d5 4. exd5 exd5 5. Bb5+ Nc6 6. 0-0 a6 7. Re1+ Be7 8. Bxc6+ bxc6 9. Ne5 Qd6 10. dxc5 Qxc5 11. b4 Qd6 12. c4 Be6 13. c5 Qc7 14. Nd2 Bf6 15. Ndf3 Ne7 16. Bg5 0-0 17. Bxf6 gxf6 18. Nd3 Ng6 19. Nd4 Bd7 20. Qf3 Qd8 21. Re3 Kh8 22. Nf5 Bxf5 23. Qxf5 Rg8 24. Rh3 Ra7 25. Nf4 Nf8 26. Re1 Rg5 27. Qd3 Re5 28. Rf1 Re4 29. Nh5 f5 30. Ng3 Rxb4 31. Qc3+ 1-0

[Event "Berlin op 10"]
[Site "Berlin"]
[Date "2003.10.13"]
[Round "1"]
[White "Kleemeyer, Olaf"]
[Black "Tahiri, Daut"]
[Result "0-1"]
[WhiteElo "1559"]
[BlackElo "1968"]
[PlyCount "78"]
[EventDate "2003.10.13"]
[EventType "swiss"]
[EventRounds "7"]
[EventCountry "GER"]
[SourceTitle "EXT 2007"]
[Source "ChessBase"]
[SourceDate "2006.11.23"]
[SourceVersion "1"]
[SourceVersionDate "2006.11.23"]
[SourceQuality "1"]

1. e4 c5 2. Nc3 Nc6 3. g3 g6 4. d3 Bg7 5. Be3 d6 6. Qd2 Rb8 7. Bg2 e6 8. f4 Nge7 9. Nf3 Nd4 10. 0-0 0-0 11. Rab1 b5 12. Ne2 Nxe2+ 13. Qxe2 Bb7 14. Bf2 Qa5 15. a3 Nc6 16. e5 Qc7 17. Rfe1 dxe5 18. fxe5 Ne7 19. d4 cxd4 20. Nxd4 Bxg2 21. Kxg2 Nd5 22. c3 a6 23. Rbd1 Rfd8 24. Nb3 Bf8 25. Qg4 Rbc8 26. Bd4 Ne7 27. Nc5 Nf5 28. Ne4 Bg7 29. Nf6+ Kh8 30. Qh3 Qb7+ 31. Kg1 Bxf6 32. exf6 Nxd4 33. cxd4 Qf3 34. Qf1 Qg4 35. Qf2 Rd5 36. Rf1 Rcd8 37. Rc1 Rf5 38. Qg2 Qxd4+ 39. Kh1 Qxf6 0-1

[Event "Berlin Lichtenberger Sommer 2nd"]
[Site "Berlin"]
[Date "2003.08.18"]
[Round "3.43"]
[White "Wolff, Michael"]
[Black "Tahiri, Daut"]
[Result "0-1"]
[WhiteElo "1680"]
[BlackElo "1911"]
[PlyCount "106"]
[EventDate "2003.08.16"]
[EventType "swiss"]
[EventRounds "9"]
[EventCountry "GER"]
[SourceTitle "EXT 2022"]
[Source "ChessBase"]
[SourceDate "2021.10.06"]
[SourceVersion "1"]
[SourceVersionDate "2021.10.06"]
[SourceQuality "1"]

1. e4 c5 2. Nf3 Nc6 3. d4 cxd4 4. Nxd4 Qc7 5. Nb5 Qb8 6. c4 Nf6 7. N1c3 a6 8. Na3 e6 9. Be3 Bb4 10. f3 Qe5 11. Qd2 0-0 12. Nc2 Be7 13. 0-0-0 Qa5 14. Qf2 Qc7 15. g4 d6 16. Bb6 Qb8 17. h4 Nd7 18. Be3 Bf6 19. Nd4 Nxd4 20. Bxd4 Bxd4 21. Qxd4 Ne5 22. Be2 b5 23. Qxd6 Nxc4 24. Bxc4 bxc4 25. Qxb8 Rxb8 26. Rd4 e5 27. Rxc4 Be6 28. Rc6 Rfd8 29. Rd1 Rxd1+ 30. Nxd1 Bxa2 31. Nc3 Bb3 32. Rxa6 h6 33. Ra5 Rd8 34. Rxe5 Rd3 35. Rb5 Be6 36. Nd5 Rxf3 37. Ne7+ Kh7 38. Nf5 Rf4 39. g5 hxg5 40. hxg5 Rxe4 41. Ng3 Rg4 42. Ne2 Bc4 43. Re5 Bxe2 44. Rxe2 Rxg5 45. b4 Rb5 46. Rb2 g5 47. Kd2 f5 48. Kd3 Kg6 49. Kc4 Rb8 50. Kd5 g4 51. Ke5 Kg5 52. Rf2 Rb5+ 53. Ke6 f4 0-1

[Event "Berlin-ch"]
[Site "Berlin"]
[Date "2003.04.21"]
[Round "4"]
[White "Tahiri, Daut"]
[Black "Kaiser, Joachim"]
[Result "1/2-1/2"]
[WhiteElo "1931"]
[BlackElo "2120"]
[PlyCount "129"]
[EventDate "2003.04.??"]
[EventType "swiss"]
[EventRounds "9"]
[EventCountry "GER"]
[SourceTitle "EXT 2006"]
[Source "ChessBase"]
[SourceDate "2005.11.24"]
[SourceVersion "1"]
[SourceVersionDate "2005.11.24"]
[SourceQuality "1"]

1. e4 e5 2. Nf3 Nc6 3. Bb5 a6 4. Ba4 d6 5. d4 b5 6. Bb3 Nxd4 7. Nxd4 exd4 8. Bd5 Rb8 9. Qxd4 Bd7 10. Qe3 Nf6 11. 0-0 Be7 12. Bb3 0-0 13. c3 c5 14. Nd2 Re8 15. h3 Bf8 16. f4 Qc7 17. Bc2 Bc6 18. b3 Kh8 19. Bb2 Nxe4 20. Nxe4 f5 21. Rae1 Bxe4 22. Bxe4 Rxe4 23. Qd3 Qc6 24. Qf3 d5 25. Qh5 g6 26. c4+ d4 27. cxb5 axb5 28. Qg5 Be7 29. Qg3 Bf6 30. Rxe4 Qxe4 31. Re1 Qd5 32. Qd3 c4 33. Qd2 Rd8 34. Rd1 Kg7 35. Qb4 Re8 36. a4 d3 37. Bxf6+ Kxf6 38. axb5 Qd4+ 39. Kh1 Qxf4 40. bxc4 d2 41. Qc3+ Kf7 42. Qxd2 Qxc4 43. Qh6 Qb4 44. Rd7+ Ke6 45. Qg7 Qe1+ 46. Kh2 Qe5+ 47. Qxe5+ Kxe5 48. b6 h6 49. b7 Rb8 50. Kg3 g5 51. Rh7 Ke4 52. Re7+ Kd5 53. h4 Kd6 54. Rh7 Ke5 55. h5 Ke4 56. Re7+ Kd5 57. Rh7 Ke4 58. Rd7 Ke5 59. Kf3 Ke6 60. Rh7 Ke5 61. Rd7 Ke6 62. Rh7 Ke5 63. Rd7 Ke6 64. Rh7 Ke5 65. Rd7 1/2-1/2

[Event "Berlin-ch MK"]
[Site "Berlin"]
[Date "2002.04.05"]
[Round "8"]
[White "Tahiri, Daut"]
[Black "Hansen, Kay"]
[Result "0-1"]
[WhiteElo "2057"]
[BlackElo "2242"]
[PlyCount "94"]
[EventDate "2002.03.29"]
[EventType "swiss"]
[EventRounds "9"]
[EventCountry "GER"]
[SourceTitle "EXT 2008"]
[Source "ChessBase"]
[SourceDate "2007.11.25"]
[SourceVersion "1"]
[SourceVersionDate "2007.11.25"]
[SourceQuality "1"]

1. e4 c6 2. d4 d5 3. e5 Bf5 4. Nf3 e6 5. Be2 Nd7 6. 0-0 c5 7. c4 Ne7 8. Be3 cxd4 9. Bxd4 dxc4 10. Na3 Bd3 11. Nxc4 Bxc4 12. Bxc4 Nc6 13. Bb5 Be7 14. Rc1 Rc8 15. Bxc6 bxc6 16. Qa4 c5 17. Be3 Rc7 18. b4 0-0 19. bxc5 Nxc5 20. Qa5 Qc8 21. Nd4 a6 22. Nb3 Nxb3 23. Qxc7 Nxc1 24. Rxc1 Qxc7 25. Rxc7 Bb4 26. Bc5 Bxc5 27. Rxc5 Rb8 28. Kf1 Kf8 29. Rc2 g5 30. g4 Rb5 31. Re2 Ke7 32. Re4 Kd7 33. h4 h6 34. hxg5 hxg5 35. a4 Rc5 36. Ke2 Kc6 37. Ke3 Kd5 38. f3 Rc3+ 39. Ke2 Rc4 40. Rxc4 Kxc4 41. Ke3 Kd5 42. f4 gxf4+ 43. Kxf4 a5 44. Kf3 Kxe5 45. Ke3 f6 46. Kf3 Kd4 47. Kf4 Kd3 0-1

[Event "Berlin-ch MK"]
[Site "Berlin"]
[Date "2002.04.02"]
[Round "5"]
[White "Von Herman, Ulf"]
[Black "Tahiri, Daut"]
[Result "1-0"]
[WhiteElo "2374"]
[BlackElo "2057"]
[PlyCount "69"]
[EventDate "2002.03.29"]
[EventType "swiss"]
[EventRounds "9"]
[EventCountry "GER"]
[SourceTitle "EXT 2008"]
[Source "ChessBase"]
[SourceDate "2007.11.25"]
[SourceVersion "1"]
[SourceVersionDate "2007.11.25"]
[SourceQuality "1"]

1. d4 g6 2. e4 Bg7 3. Nf3 d6 4. Be2 Nf6 5. Nbd2 Nbd7 6. 0-0 0-0 7. c3 c6 8. a4 Qc7 9. Qc2 Re8 10. Re1 b6 11. Bf1 Bb7 12. e5 Nd5 13. e6 fxe6 14. Rxe6 Nf8 15. Re1 Bc8 16. Ne4 Bg4 17. Neg5 h6 18. h3 Bf5 19. Ne4 Nf6 20. Bd3 Nxe4 21. Bxe4 e6 22. Bf4 Rad8 23. Qb3 Kh7 24. Bg3 c5 25. Rad1 Qc8 26. Qb5 Bxe4 27. Rxe4 Nd7 28. Re2 Nf6 29. Qb3 g5 30. dxc5 bxc5 31. Rxd6 Rxd6 32. Bxd6 Nd5 33. Qc2+ Kh8 34. Qg6 Qd7 35. Ne5 1-0